[Event "Budapest SixDays 01 IM-A"]
[Site "Budapest"]
[Date "2023.01.27"]
[Round "8"]
[White "Taragan, Uri"]
[Black "Magold, Filip"]
[Result "0-1"]
[WhiteElo "1733"]
[BlackElo "2230"]
[PlyCount "174"]
[EventDate "2023.01.23"]
[EventType "tourn"]
[EventRounds "9"]
[EventCountry "HUN"]
[SourceTitle "CBM 212 Extra"]
[Source "ChessBase"]
[SourceDate "2023.03.31"]
[SourceVersion "1"]
[SourceVersionDate "2023.03.31"]
[SourceQuality "1"]

1. d4 d5 2. c4 e6 3. Nc3 Nf6 4. cxd5 exd5 5. Bg5 c6 6. e3 Bf5 7. Qf3 Bg6 8. Bxf6 Qxf6 9. Qxf6 gxf6 10. h4 h5 11. Nge2 Nd7 12. Nf4 a5 13. a4 Bd6 14. Nxg6 fxg6 15. Bd3 f5 16. Kd2 Nf6 17. g3 Kf7 18. Ke2 Rhe8 19. Kf1 Re7 20. Kg2 Rae8 21. Rac1 Ng4 22. Be2 Nh6 23. Rc2 Kf6 24. Bf3 Rg7 25. Rcc1 Nf7 26. Ne2 Nd8 27. Nf4 Bxf4 28. gxf4 Ne6 29. Rhd1 Ke7 30. Rc3 Kd6 31. Rdc1 Rge7 32. Kh2 Rb8 33. Rg1 Nf8 34. Rgc1 Re6 35. Rc5 Ra8 36. Kg2 Nd7 37. R5c3 Nb6 38. b3 Nd7 39. Kf1 Nb8 40. Be2 b6 41. Bf3 Ra7 42. Kg2 Rc7 43. Be2 Kd7 44. Kg3 Rd6 45. Kh3 Kc8 46. Kg2 Kb7 47. Kf1 Nd7 48. Bb5 Nf8 49. Be2 Ne6 50. Bf3 Rcd7 51. Rb1 c5 52. dxc5 bxc5 53. Rd1 Kb6 54. Be2 d4 55. Rcd3 Nf8 56. R3d2 Nh7 57. Bb5 Rd8 58. Rc1 Nf6 59. Rdc2 Ne4 60. exd4 cxd4 61. Rc6+ Kb7 62. Rc7+ Kb8 63. Bd3 Nc3 64. Rg7 R8d7 65. Rg8+ Rd8 66. Rg7 Re6 67. Re1 Rxe1+ 68. Kxe1 Nd5 69. Kd2 Nxf4 70. f3 Rd6 71. Rg8+ Kb7 72. Rg7+ Kb6 73. Rg8 Re6 74. Rb8+ Kc7 75. Rb5 Re3 76. Bxf5 gxf5 77. Rxf5 Rxf3 78. Rxa5 Rf2+ 79. Ke1 Rb2 80. Rf5 Ng2+ 81. Kd1 Ne3+ 82. Kc1 Nxf5 83. Kxb2 Nxh4 84. Kc2 Nf5 85. Kd3 h4 86. Ke4 h3 87. Kf3 d3 0-1

[Event "Budapest SixDays 01 IM-A"]
[Site "Budapest"]
[Date "2023.01.25"]
[Round "5"]
[White "Taragan, Uri"]
[Black "Ongut, Tamas Gunes"]
[Result "0-1"]
[WhiteElo "1733"]
[BlackElo "2340"]
[PlyCount "64"]
[EventDate "2023.01.23"]
[EventType "tourn"]
[EventRounds "9"]
[EventCountry "HUN"]
[SourceTitle "CBM 212 Extra"]
[Source "ChessBase"]
[SourceDate "2023.03.31"]
[SourceVersion "1"]
[SourceVersionDate "2023.03.31"]
[SourceQuality "1"]

1. d4 Nf6 2. c4 d6 3. Nc3 Nbd7 4. e4 e5 5. d5 Nc5 6. Qc2 a5 7. f3 Be7 8. Be3 0-0 9. Nge2 h5 10. Nc1 c6 11. Nd3 cxd5 12. cxd5 b6 13. Nxc5 bxc5 14. Bd3 Ne8 15. Qe2 Bg5 16. Bxg5 Qxg5 17. Qd2 Qe7 18. Qc2 Nc7 19. a3 Bd7 20. h4 Rfb8 21. Rb1 Nb5 22. Nxb5 Bxb5 23. Bxb5 Rxb5 24. g4 Qf6 25. Qe2 Rb3 26. gxh5 Rxf3 27. h6 Qf4 28. Kd1 Rf2 29. Qd3 c4 30. Qc3 Qxe4 31. h7+ Kh8 32. Rc1 Qe2# 0-1

[Event "EU-chT U12"]
[Site "Thessaloniki"]
[Date "2022.07.14"]
[Round "3.1"]
[White "Ivanov, Andrey7777"]
[Black "Taragan, Uri"]
[Result "0-1"]
[WhiteElo "1515"]
[BlackElo "1843"]
[PlyCount "102"]
[EventDate "2022.07.12"]
[EventType "team-swiss"]
[EventRounds "7"]
[EventCountry "GRE"]
[SourceTitle "EXT 2023"]
[Source "ChessBase"]
[SourceDate "2022.10.05"]
[SourceVersion "1"]
[SourceVersionDate "2022.10.05"]
[SourceQuality "1"]
[WhiteTeam "Macedonia U12"]
[BlackTeam "Israel U12"]
[WhiteTeamCountry "MKD"]
[BlackTeamCountry "ISR"]

1. d4 Nf6 2. Nf3 d5 3. e3 c5 4. b3 cxd4 5. exd4 Nc6 6. Bd3 g6 7. Bb2 Bg7 8. a3 0-0 9. Nbd2 Nh5 10. 0-0 Nf4 11. Be2 Qb6 12. c3 Bf5 13. Nh4 Bd3 14. Bxd3 Nxd3 15. Qc2 Nxb2 16. Qxb2 e5 17. dxe5 Nxe5 18. Ndf3 Rac8 19. Nxe5 Bxe5 20. Rac1 Qf6 21. Nf3 Bxc3 22. Qe2 Bb2 23. Rxc8 Rxc8 24. a4 Qc3 25. Qb5 Qc6 26. Qa5 a6 27. Qd2 Bg7 28. h3 Qc5 29. Rd1 d4 30. Qf4 Qc2 31. Rd2 Qb1+ 32. Kh2 Qxb3 33. Nxd4 Qxa4 34. Ne2 Qxf4+ 35. Nxf4 Be5 36. g3 Bxf4 37. gxf4 Rc3 38. Kg2 b5 39. Ra2 Rc6 40. Kg3 b4 41. Kg4 b3 42. Rb2 Rb6 43. f5 Kg7 44. f4 a5 45. Kg5 h6+ 46. Kg4 a4 47. fxg6 a3 48. Rd2 b2 49. gxf7 b1Q 50. f8Q+ Kxf8 51. Rd8+ Ke7 0-1

[Event "ISR-ch U08/18"]
[Site "Savyon"]
[Date "2022.04.07"]
[Round "1"]
[White "Taragan, Uri"]
[Black "Ashkenazy, Nir"]
[Result "1-0"]
[WhiteElo "1749"]
[BlackElo "1271"]
[PlyCount "127"]
[EventDate "2022.04.06"]
[EventType "swiss"]
[EventRounds "9"]
[EventCountry "ISR"]
[SourceTitle "EXT 2023"]
[Source "ChessBase"]
[SourceDate "2022.10.05"]
[SourceVersion "1"]
[SourceVersionDate "2022.10.05"]
[SourceQuality "1"]

1. d4 d5 2. c4 e6 3. Nc3 Nf6 4. cxd5 exd5 5. Bg5 Be7 6. e3 c6 7. Bd3 Nbd7 8. Nge2 0-0 9. 0-0 Re8 10. Qc2 Nf8 11. Rad1 Ng6 12. Ng3 Ng4 13. Bxe7 Qxe7 14. h3 Nf6 15. Rfe1 b5 16. Nf5 Bxf5 17. Bxf5 Nh4 18. Bd3 Ne4 19. f3 Ng5 20. Kf2 b4 21. Na4 Qf6 22. f4 Rac8 23. Nc5 Rc7 24. Kg3 Qd6 25. Kf2 Ne4+ 26. Nxe4 dxe4 27. Bxe4 f5 28. Bd3 Rce7 29. g3 Qh6 30. Bxf5 Nxf5 31. Qxf5 Rf7 32. Qg4 Qd6 33. Qg5 Qe6 34. Qe5 Qd7 35. Qh5 Qe6 36. b3 Rf5 37. Qf3 Ra5 38. Rd2 Qxh3 39. Qxc6 Rc8 40. Qg2 Qd7 41. e4 Rac5 42. Ree2 Rc2 43. d5 Rc1 44. e5 Qd8 45. Qf3 R8c3 46. Re3 Qb6 47. Rde2 R1c2 48. e6 Kf8 49. e7+ Ke8 50. Qh5+ g6 51. Qe5 Rxe2+ 52. Kxe2 Qa6+ 53. Kf3 Qf1+ 54. Kg4 Rxe3 55. Qxe3 Qd1+ 56. Kg5 Qh5+ 57. Kf6 g5 58. Qe6 Qg6+ 59. Ke5 Qg7+ 60. Kd6 Qg6 61. Qxg6+ hxg6 62. Ke6 gxf4 63. d6 fxg3 64. d7# 1-0